Lexikálno-sémantická rovina nemeckého jazyka z didaktického hľadiska autoreferát dizertácie na získanie vedeckej hodnosti kandidáta pedagogických vied

Bibliographic Details
Other Authors: Vajičková, Mária (Dissertant)
Format: Thesis Book
Language:Slovak
PhysicalDescription:19 s. 21 cm
Published: Bratislava [Univerzita Komenského] 1994
Edition:[1. vyd.]
Subjects:

MARC

LEADER 00000nam a2200000 a 4500
001 vtls009140452
003 SK-MaSNL
005 20260331205222.0
008 070914s1994 xo f am 000 0 slo
040 |a SNK  |b slo  |c SNK  |e AACR2 
041 0 |a slo  |b ger  |b rus 
044 |a xo  |c SK 
072 7 |a 811.112.2  |x Nemčina  |2 konspekt 
080 |a 811.112.2  |2 2001 
080 |a 81'373  |2 2001 
080 |a 81'37  |2 2001 
080 |a 37.016.026  |2 2001 
080 |a 81'24  |2 2001 
080 |a (043.3)378.22  |2 2001 
080 |a (048.3)  |2 2001 
100 1 |a Vajičková, Mária  |4 dis  |9 7838 
245 1 0 |a Lexikálno-sémantická rovina nemeckého jazyka z didaktického hľadiska  |b autoreferát dizertácie na získanie vedeckej hodnosti kandidáta pedagogických vied  |c Mária Vajíčková 
250 |a [1. vyd.] 
260 |a Bratislava  |b [Univerzita Komenského]  |c 1994 
300 |a 19 s.  |c 21 cm 
500 |a Vedný odbor: 75-02-9, Špecializácia: Teória vyučovania nemeckého jazyka 
502 |a Autoreferát dizertácie (CSc.)--Univerzita Komenského - Pedagogická fakulta, Bratislava, 1995 
504 |a Bibliografia s. 15-18 
546 |a Res. nem. a rus. 
650 0 7 |a nemčina  |2 SNKPH  |9 1384 
650 0 7 |a slovná zásoba  |2 SNKPH  |9 66837 
650 0 7 |a sémantika  |2 SNKPH  |9 22710 
650 0 7 |a didaktika vyučovacích predmetov  |2 SNKPH  |9 4030 
650 0 7 |a vyučovanie jazykov  |2 SNKPH  |9 31418 
655 7 |a kandidátske dizertácie  |2 SNKPH  |9 309955 
655 7 |a autoreferáty  |2 SNKPH  |9 70546 
999 |c 913636  |d 915566 
952 |a SNK  |b SNK  |y PREZ  |7 0  |p 17A0561200  |o snkOSC 24078  |i snk2007/20562  |8 1  |0 0  |1 0  |4 0  |d 2007-09-14  |l 0  |r 2026-02-24 07:51:07  |w 2026-02-24